MotoGP 2023 - Statistiques

Statistiques générales
  • Ce quiz a été pris 623 fois
  • Le résultat moyen est 18 sur 22
Statistiques - réponses
Teams Pilotes % Correct
Gresini Alex Marquez
97%
Repsol Honda Marc Marquez
97%
Yamaha Fabio Quartararo
95%
Pramac Johann Zarco
95%
Ducati Francesco Bagnaia
90%
Pramac Jorge Martìn
90%
Aprilia Aleix Espargaro
86%
Gasgas Tech 3 Pol Espargaro
86%
RedBull KTM Jack Miller
83%
VR46 Luca Marini
83%
Ducati Enea Bastianini
82%
RedBull KTM Brad Binder
79%
Yamaha Franco Morbidelli
79%
Aprilia Maverick Viñales
79%
Repsol Honda Joan Mir
76%
VR46 Marco Bezzechi
75%
LCR Castrol Alex Rins
72%
LCR Idemitsu Takaaki Nakagami
68%
RNF Raul Fernandez
67%
Gasgas Tech 3 Augosto Fernandez
65%
RNF Miguel Oliveira
59%
Gresini Fabio Di Giannantonio
56%
Aucun quiz correspondant
Distribution des résultats
% des personnes avec chaque résultat
Percentile par nombre de réponses
Votre historique - résultats
Vous n’avez pas pris ce quiz